=LDR 00000nam 2200000 4500 =001 INLIS000000000017650 =005 20200819072414 =035 ##$$a 0010-061300000017650 =008 200819################g##########0#ind## =041 ##$$a Ind =082 ##$$a 2x7.2 =090 ##$$a 2x7.2, Jau n =100 1#$$a Jauziyyah, Al-Allamah Ibnul Qayyim =245 1#$$a Nasihat Ibnul Qayyim untuk setiap muslim, /$c Al-Allamah Ibnul Qayyim Al-Jauziyah =260 ##$$a Solo :$b Pustaka At-Tibyan,$c 2001 =300 ##$$a 64 hlm, ; $c 12x17 cm =650 #4$$a Da'wah Islam =850 ##$$a NBPNMAT =084 ##$$a 2x7.2 JAU n =250 ##$$a cet.1 =990 ##$$a 20605840 =990 ##$$a 20605841 =990 ##$$a 20605842 =990 ##$$a 20605843 =990 ##$$a 20605840 =990 ##$$a 20605841 =990 ##$$a 20605842 =990 ##$$a 20605843